| 000 -LEADER |
| fixed length control field |
01531 a2200253 4500 |
| 003 - CONTROL NUMBER IDENTIFIER |
| control field |
Nust |
| 005 - DATE AND TIME OF LATEST TRANSACTION |
| control field |
20230316123707.0 |
| 010 ## - LIBRARY OF CONGRESS CONTROL NUMBER |
| LC control number |
84000599 |
| 020 ## - INTERNATIONAL STANDARD BOOK NUMBER |
| International Standard Book Number |
0861241959 |
| 040 ## - CATALOGING SOURCE |
| Transcribing agency |
Nust |
| 082 00 - DEWEY DECIMAL CLASSIFICATION NUMBER |
| Classification number |
355.0092, BRA |
| 245 10 - TITLE STATEMENT |
| Title |
Strategy & tactics of the great generals and their battles / |
| Statement of responsibility, etc. |
foreword by Omar Bradley ; edited by Peter Young. |
| 260 ## - PUBLICATION, DISTRIBUTION, ETC. |
| Place of publication, distribution, etc. |
New York : |
| Name of publisher, distributor, etc. |
Military Press : |
| -- |
distributed by Crown, |
| Date of publication, distribution, etc. |
c1984. |
| 300 ## - PHYSICAL DESCRIPTION |
| Extent |
256 p. : |
| Other physical details |
ill. (some col.), maps ; |
| Dimensions |
31 cm. |
| 505 ## - FORMATTED CONTENTS NOTE |
| Formatted contents note |
Introduction (Page-6), Napoleon At Austerlitz 1805 (Page-10), Wellington At Waterloo 1815 (Page-24), Lee At Chancellorsville 1863 (Page-44), Grant At Vicksburg 1863 (Page-56), Meade At Gettysburg 1863 (Page-70), Von Moltke At Sedan 1870 (Page-86), Hindenburge At Tannenberg 1914 (Page-104), Joffre At The Marne 1914 (Page-120), Petain At Verdun 1916 (Page-134), Haig And The Black Day 1918 (Page-148), Guerian At The Meuse 1940 (Page-164), Rommel At Tobruk 1942 (Page-176), Montgomery At Alamein 1942 (Page-192), Patton At The Bulge 1944 (Page-206), Zhukov At Berlin 1945 (Page-222), Macarthur At Inchon 1950 (Page-238). |
| 650 #0 - SUBJECT ADDED ENTRY--TOPICAL TERM |
| Topical term or geographic name entry element |
Battles |
| General subdivision |
History |
| Chronological subdivision |
19th century. |
| 9 (RLIN) |
110420 |
| 650 #0 - SUBJECT ADDED ENTRY--TOPICAL TERM |
| Topical term or geographic name entry element |
Battles |
| General subdivision |
History |
| Chronological subdivision |
20th century. |
| 9 (RLIN) |
110421 |
| 650 #0 - SUBJECT ADDED ENTRY--TOPICAL TERM |
| Topical term or geographic name entry element |
Generals |
| General subdivision |
Biography. |
| 9 (RLIN) |
49593 |
| 650 #0 - SUBJECT ADDED ENTRY--TOPICAL TERM |
| Topical term or geographic name entry element |
Strategy |
| General subdivision |
History |
| Chronological subdivision |
19th century. |
| 9 (RLIN) |
110422 |
| 650 #0 - SUBJECT ADDED ENTRY--TOPICAL TERM |
| Topical term or geographic name entry element |
Strategy |
| General subdivision |
History |
| Chronological subdivision |
20th century. |
| 9 (RLIN) |
110423 |
| 700 1# - ADDED ENTRY--PERSONAL NAME |
| Personal name |
Young, Peter, |
| Dates associated with a name |
1915-1988. |
| 9 (RLIN) |
110424 |
| 740 0# - ADDED ENTRY--UNCONTROLLED RELATED/ANALYTICAL TITLE |
| Uncontrolled related/analytical title |
Strategy and tactics of the great generals and their battles. |
| 942 ## - ADDED ENTRY ELEMENTS (KOHA) |
| Source of classification or shelving scheme |
|
| Koha item type |
Book |